| 000 | 00676nam a22001937a 4500 | ||
|---|---|---|---|
| 999 |
_c13257 _d13257 |
||
| 003 | AR-CdUCM | ||
| 008 | 190411b ||||| |||| 00| 0 spa d | ||
| 040 |
_aMUNICIPALIDAD PROVINCIAL DEL CUSCO _cBIBLIOTECA MUNICIPAL DEL CUSCO |
||
| 082 |
_a550 / _bK18 |
||
| 100 |
_aKalafatovivh V. _931572 |
||
| 245 |
_aGeología de Cachimayo : _bZona entre el rió Cachimayo y la laguna Piuray / |
||
| 260 |
_aCuzco : _bCuzco Agronomico, _c1963. |
||
| 300 |
_a13 paginas : _bMapas,ilustraciones, _c23 cm. |
||
| 505 | _aContenido :Rio Cachimayo y laguna de Piuray / | ||
| 650 |
_aGeología _917044 |
||
| 650 |
_aRio Cacjhimayo _931573 |
||
| 942 |
_2ddc _cFOLLETOS |
||
| 945 |
_arjall _d2019-04-11 |
||